000 00236nam a2200097Ia 4500
001 1115752
005 20250827004033.0
008 250824s9999 xx 000 0 und d
245 0 _aKENDİNİ ARAMAK
_cİHSAN FAZLIOĞLU
260 _bKETEBE
999 _c1115752
_d1115752